000 00605nam a22002057a 4500
003 OSt
005 20210421080250.0
008 210224s1970 ||||| |||| 00| 0 eng d
020 _a03078395X
040 _aeng
_beng
_cDLC
041 _aeng
080 _a821.111
_bC-55
100 _91115
_aChopin, Kate
245 _aThe Awakening and other Stories
_c/ by: Holt, Rinehart and Winston, Inc
260 _aNew York
_bHolt, Rinehart and Winston, Inc
_c1970
300 _a341 p.
650 0 _9254
_aEnglish literature
653 _aინგლისური ლიტერატურა
942 _2udc
_cBK
999 _c1703
_d1703